Dynamic stabilization of large flexible space structures /
Guardado en:
| Otros Autores: | |
|---|---|
| Formato: | Manuscrito |
| Idioma: | English |
| Publicado: |
1989.
|
| Etiquetas: |
Agregar Etiqueta
Sin Etiquetas, Sea el primero en etiquetar este registro!
|
| LEADER | 00655ntm a22001935a 4500 | ||
|---|---|---|---|
| 001 | MAT.inmabb006912 | ||
| 008 | 160201s1989####xx#a#####bm###000#0#eng#d | ||
| 005 | 20160201180044.0 | ||
| 245 | 1 | 0 | |a Dynamic stabilization of large flexible space structures / |c Jan Bontsema. |
| 260 | |c 1989. | ||
| 300 | |a 233 p. : |b il. ; |c 24 cm. | ||
| 502 | |a Tesis doctoral--Rijksuniversiteit Groningen, 1989. | ||
| 546 | |a Resumen en holandés. | ||
| 504 | |a Incluye referencias bibliográficas (p. 229-233). | ||
| 100 | 1 | |a Bontsema, Jan. |4 dis | |
| 710 | 2 | |a Rijksuniversiteit te Groningen |4 dgg. | |
| 084 | |a 93D15 |2 msc2000 | ||
| 041 | 1 | |a eng |b dut | |
| 859 | |h 93 |i B722 |p A-6969 |b BIB. MATEMATICA | ||
